<?xml version="1.0" encoding="UTF-8"?>
<collection xmlns="http://www.loc.gov/MARC21/slim">
 <record>
  <leader>01646cam a2200205 a 4500</leader>
  <controlfield tag="001">1/44089</controlfield>
  <controlfield tag="008">131119m20122013enka     b    001 0 eng  </controlfield>
  <datafield tag="020" ind1=" " ind2=" ">
   <subfield code="a">9780975933756 (pbk. : alk. paper)</subfield>
  </datafield>
  <datafield tag="035" ind1=" " ind2=" ">
   <subfield code="l">47026</subfield>
  </datafield>
  <datafield tag="040" ind1=" " ind2=" ">
   <subfield code="a">DLC</subfield>
   <subfield code="c">DLC</subfield>
   <subfield code="d">GR-PeUP</subfield>
  </datafield>
  <datafield tag="082" ind1="0" ind2="0">
   <subfield code="a">368.01 UND</subfield>
  </datafield>
  <datafield tag="245" ind1="0" ind2="0">
   <subfield code="a">Understanding actuarial practice /</subfield>
   <subfield code="c">Stuart A. Klugman, editor, Jeffrey A. Beckley ... [et al.].</subfield>
  </datafield>
  <datafield tag="260" ind1=" " ind2=" ">
   <subfield code="a">Schaumburg, Ill. :</subfield>
   <subfield code="b">Society of Actuaries,</subfield>
   <subfield code="c">c2012, 2013.</subfield>
  </datafield>
  <datafield tag="300" ind1=" " ind2=" ">
   <subfield code="a">xiv, 529 σ. :</subfield>
   <subfield code="b">εικ. ;</subfield>
   <subfield code="c">25 εκ.</subfield>
  </datafield>
  <datafield tag="504" ind1=" " ind2=" ">
   <subfield code="a">Περιέχει βιβλιογραφία και ευρετήριο.</subfield>
  </datafield>
  <datafield tag="505" ind1="0" ind2=" ">
   <subfield code="a">Introduction -- Actuarial science and the actuarial profession -- The actuarial control cycle -- Principles of actuarial science -- Interest theory -- Asset types -- Investing / Portfolio Management -- Finance models and data -- The term structure of interest rates -- Asset and liability management -- Introduction -- Types of coverage -- External forces and life and annuity products -- Pricing -- Profit testing -- Inputs for profit testing -- Regulatory influences on profit testing -- Monitoring results -- Closing -- Overview of retirement financial security systems -- Retirement plan design -- Funding for employer-sponsored retirement plans -- Pension accounting in the united states -- Modeling actuarial costs and expense -- Retirement plan solvency -- Introduction to group insurance -- External factors -- Pricing for group benefit plans -- Reserving.</subfield>
  </datafield>
  <datafield tag="650" ind1=" " ind2="4">
   <subfield code="a">Actuarial science.</subfield>
  </datafield>
  <datafield tag="700" ind1="1" ind2=" ">
   <subfield code="a">Klugman, Stuart A.</subfield>
   <subfield code="d">1949-</subfield>
  </datafield>
  <datafield tag="700" ind1="1" ind2=" ">
   <subfield code="a">Beckley, Jeffrey A.</subfield>
  </datafield>
  <datafield tag="852" ind1=" " ind2=" ">
   <subfield code="a">INST</subfield>
   <subfield code="b">UNIPILB</subfield>
   <subfield code="c">MAIN</subfield>
   <subfield code="e">20131119</subfield>
   <subfield code="h">368.01 UND</subfield>
   <subfield code="p">00170025</subfield>
   <subfield code="q">00170025</subfield>
   <subfield code="t">STATIST</subfield>
   <subfield code="y">0</subfield>
   <subfield code="4">1</subfield>
  </datafield>
 </record>
</collection>
